Najpopularniejsze imiona żeńskie w krajach Europejskich - Statystyki

Ogólne statystyki
  • Ten quiz został rozwiązany 412 razy
  • Średni wynik to 6 z 25
Statystyki odpowiedzi
Kraj Najpopularniejsze imię żeńskie % Poprawnych
Austria Anna
91%
Polska Anna
91%
Finlandia Maria
55%
Portugalia Maria
55%
Ukraina Sofia
30%
Włochy Sofia
30%
Belgia Emma
21%
Dania Emma
21%
Francja Emma
21%
Norwegia Emma
21%
Szwajcaria Emma
21%
Węgry Hanna
21%
Wielka Brytania (Anglia i Walia) Olivia
17%
Wielka Brytania (Szkocja) Olivia
17%
Irlandia Emily
13%
Holandia Sophie
12%
Niemcy Sophie
12%
Szwecja Alice
9%
Islandia Emilia
8%
Hiszpania Lucía
5%
Turcja Elif
3%
Wielka Brytania (Irlandia Płn.) Grace
3%
Litwa Irena
3%
Czechy Tereza
3%
Słowenia Nika
2%
Nie znaleziono quizów pasujących do podanych kryteriów
Rozkład punktacji
Procent ludzi z każdym wynikiem
Percentyl według liczby udzielonych odpowiedzi
Twoja historia wyników
Nie rozwiązałeś tego quizu